The death of the organization man
محفوظ في:
| المؤلف الرئيسي: | |
|---|---|
| التنسيق: | كتاب |
| اللغة: | Undetermined |
| منشور في: |
New York
William Morrow and Company
1990
|
| الموضوعات: | |
| الوسوم: |
إضافة وسم
لا توجد وسوم, كن أول من يضع وسما على هذه التسجيلة!
|
| Thư viện lưu trữ: | Trung tâm Học liệu Trường Đại học Cần Thơ |
|---|
| LEADER | 00522nam a2200193Ia 4500 | ||
|---|---|---|---|
| 001 | CTU_86622 | ||
| 008 | 210402s9999 xx 000 0 und d | ||
| 082 | |a 658.43 | ||
| 082 | |b B471 | ||
| 100 | |a Bennett, Amanda | ||
| 245 | 4 | |a The death of the organization man | |
| 245 | 0 | |c Amanda Bennett | |
| 260 | |a New York | ||
| 260 | |b William Morrow and Company | ||
| 260 | |c 1990 | ||
| 650 | |a Organizational behavior | ||
| 650 | |z United states | ||
| 904 | |i Năm | ||
| 980 | |a Trung tâm Học liệu Trường Đại học Cần Thơ | ||